Statistics for NFL Head Coach - Best Records

Click here to take the quiz!

General Stats

  • This quiz has been taken 48 times
  • The average score is 4 of 10

Answer Stats

RankActive SeasonsPct RecordCoach% Correct
91991-1995
2000-present
.670Bill Belichick
95%
21959-1967
1969
.738Vince Lombardi
83%
71963-1995.677Don Shula
74%
61920-1929
1933-1942
1946-1950
.682George Halas
62%
11969-1978.759John Madden
50%
81946-1962
1968-1975
.672Paul Brown
38%
101996-2008.668Tony Dungy
19%
31966-1977.712George Allen
7%
41963-1970
.691
Blanton Collier
0%
51936-1942
1946-1949
.684Ray Flaherty
0%

Score Distribution

Percentile by Number Answered

Percent of People with Each Score

Your Score History

You have not taken this quiz